[Event "IECG CP.2000.P.00041"]
[Site "IECG email"]
[Date "2000.10.01"]
[Round "?"]
[White "Lukin, Andrey"]
[Black "Moulin, Simon"]
[Result "1-0"]
[WhiteElo "1919"]
[BlackElo "2000"]
[PlyCount "63"]
[EventDate "2000.10.01"]
[EventType "tourn (corr)"]
[EventRounds "6"]
[EventCountry "RUS"]
[SourceTitle "Corr 2008"]
[Source "ChessBase"]
[SourceDate "2008.06.24"]
[SourceVersion "1"]
[SourceVersionDate "2008.06.24"]
[SourceQuality "1"]

1. e4 c5 2. Nf3 d6 3. d4 cxd4 4. Nxd4 Nf6 5. Nc3 a6 6. Bc4 e6 7. Qf3 Qb6 8. Nb3 Nc6 9. Be3 Qc7 10. Qg3 b5 11. Bd3 Ne5 12. f4 Nc4 13. Bxc4 Qxc4 14. e5 dxe5 15. fxe5 Nd7 16. Rf1 Bb7 17. Na5 Qc7 18. Nxb7 Qxb7 19. 0-0-0 b4 20. Ne2 Rc8 21. Qf4 f6 22. exf6 Nxf6 23. Nd4 Qxg2 24. Qe5 Qd5 25. Qxe6+ Qxe6 26. Nxe6 Kf7 27. Ng5+ Kg6 28. Rf3 Rc4 29. b3 Rc6 30. h4 h6 31. h5+ Nxh5 32. Nf7 1-0

[Event "IECG C1.1999.0.00239"]
[Site "IECG email"]
[Date "1999.10.19"]
[Round "?"]
[White "Moulin, Simon"]
[Black "Sanchez Carol, Jesus"]
[Result "1/2-1/2"]
[WhiteElo "2000"]
[BlackElo "1850"]
[PlyCount "62"]
[EventDate "1999.10.19"]
[EventType "tourn (corr)"]
[EventRounds "5"]
[SourceTitle "Corr 2008"]
[Source "ChessBase"]
[SourceDate "2008.06.24"]
[SourceVersion "1"]
[SourceVersionDate "2008.06.24"]
[SourceQuality "1"]

1. e4 c5 2. Nf3 Nc6 3. d4 cxd4 4. Nxd4 Qa5+ 5. Nc3 Nxd4 6. Qxd4 e5 7. Qd5 Bb4 8. Bd2 Qxd5 9. Nxd5 Bxd2+ 10. Kxd2 Kd8 11. Rd1 b6 12. Bc4 Bb7 13. Ke3 Rc8 14. Bb3 Ne7 15. c3 f6 16. Rd2 Bxd5 17. Bxd5 Nxd5+ 18. Rxd5 Ke7 19. Rhd1 Rhd8 20. g3 Rc5 21. f4 exf4+ 22. gxf4 a5 23. Rxc5 bxc5 24. Rd5 a4 25. Kd3 Rb8 26. Kc2 d6 27. b3 axb3+ 28. axb3 g6 29. f5 Rb7 30. Kb2 Kd7 31. Kc2 g5 1/2-1/2